000 00243nam a2200109 a 4500
008 101210s1975|||| d
245 1 0 _aSpievaj že si, spievaj
260 _bPanton
_aPraha
_c1975
044 _aCZ
020 _c195
041 _acze
999 _c14083
_d14083